Partnerstvo medzi Európskou úniou a Ruskom – vývoj a ďalšie smerovanie

Vývoj vzájomných vzťahov medzi EÚ a Ruskou federáciou od 90. rokov 20. storočia. Formatívna éra (1992-1994), obdobie problémov (1994-2000) a éra Putina (od r. 2000). Partnerstvo pre modernizáciu. Vývoj obchodných vzťahov EÚ s Ruskom od roku 2003. Ruské obchodné embargo. Nová obchodná stratégia EÚ na...

Ausführliche Beschreibung

Gespeichert in:
Bibliographische Detailangaben
1. Verfasser: Drieniková, Kristína, 1982-
Format: Buchkapitel
Sprache:Slowakisch
Schlagworte:
Tags: Tag hinzufügen
Keine Tags, Fügen Sie das erste Tag hinzu!

MARC

LEADER 00000nla a2200000 4500
001 0211579
005 20240502073528.9
041 0 |a slo 
044 |a SK 
245 1 0 |a Partnerstvo medzi Európskou úniou a Ruskom – vývoj a ďalšie smerovanie  |c Kristína Drieniková 
520 |a Vývoj vzájomných vzťahov medzi EÚ a Ruskou federáciou od 90. rokov 20. storočia. Formatívna éra (1992-1994), obdobie problémov (1994-2000) a éra Putina (od r. 2000). Partnerstvo pre modernizáciu. Vývoj obchodných vzťahov EÚ s Ruskom od roku 2003. Ruské obchodné embargo. Nová obchodná stratégia EÚ na roky 2015-2020 Obchod pre všetkých. 
610 2 0 |a spolupráca hospodárska medzinárodná 
610 2 0 |a politika medzinárodná 
610 2 0 |a vzťahy medzinárodné 
610 2 0 |a Rusko 
610 2 0 |a Európska únia 
100 1 |a Drieniková, Kristína, 1982-